|
|
|
|
| LEADER |
00000nab a2200000 a 4500 |
| 001 |
vtls010506986 |
| 003 |
SK-MaSNL |
| 005 |
20260303193017.0 |
| 008 |
130429c2013 xo wrzp 0 0slo |
| 015 |
|
|
|a SNBRB2013/04
|2 rvgkpd
|
| 038 |
|
|
|a RVGKPD
|
| 040 |
|
|
|a RVGKPD
|b slo
|c RVGKPD
|e AACR2
|
| 041 |
0 |
|
|a slo
|
| 044 |
|
|
|a xo
|c SK
|
| 080 |
|
|
|a 552.6
|2 1997
|
| 100 |
1 |
|
|a Domček, Martin
|4 aut
|4 ivr
|9 838726
|
| 245 |
1 |
0 |
|a Meteority sú sterilné
|b v súčasnosti blížiace sa versmírne telesá nedokážeme zničiť
|
| 246 |
3 |
|
|a Dokážeme zničiť vesmírne telesá? Iba vo filmoch s Bruceom Willisom [elektronický zdroj]
|
| 300 |
|
|
|b Fotogr.
|
| 500 |
|
|
|a Na dokumente meno autora Jaroslav
|
| 650 |
0 |
7 |
|a meteority
|2 rvgkpd
|9 2410
|
| 655 |
|
7 |
|a rozhovory
|2 rvgkpd
|9 31831
|
| 700 |
1 |
|
|a Svoreň, Ján,
|d 1949-
|4 aut
|4 ive
|9 118177
|
| 773 |
0 |
|
|t Plus 7 dní
|g Roč. XXIII, č. 8 (2013), s. 11
|x 1210-4040
|
| 852 |
|
|
|a RVGKPD
|b KIS3G
|
| 856 |
4 |
1 |
|u http://www.pluska.sk/plus-7-dni/rozhovory/znicenie-vesmirnych-telies-je-iba-vyplod-z-filmov.html
|
| 992 |
|
|
|a RBX
|
| 999 |
|
|
|c 2149949
|d 2151879
|